| 000 -CABECERA |
| Longitud fija campo de control |
00740nam a2200205 a 4500 |
| 001 - NÚMERO DE CONTROL |
| Número de control |
1756 |
| 003 - IDENTIFICADOR DEL NÚMERO DE CONTROL |
| Identificador del número de control |
CDMR |
| 005 - FECHA Y HORA DE LA ÚLTIMA TRANSACCIÓN |
| Fecha y hora de la última transacción |
20130328101710.0 |
| 008 - CÓDIGOS DE INFORMACIÓN DE LONGITUD FIJA |
| Códigos de información de longitud fija |
130130s ||||||||||||||||||||||||||||d |
| 040 ## - FUENTE DE LA CATALOGACIÓN |
| Centro catalogador de origen |
CDMR |
| Lengua de catalogación |
cat |
| Centro transcriptor |
CDMR |
| 111 2# - PUNTO DE ACCESO PRINCIPAL-NOMBRE DE CONGRESO |
| Nombre de congreso o jurisdicción como elemento de entrada |
Jornada Internacional de la Prensa Agraria |
| Sede del congreso |
Barcelona |
| Fecha del congreso |
1987 |
| Número del congreso o número de parte o sección de la obra |
1ª |
| 9 (RLIN) |
1194 |
| 245 10 - MENCIÓN DE TÍTULO |
| Título |
Expoaviga 87 |
| Resto del título |
: Jornada de la prensa agraria : 27 de noviembre de 1987 : [Ponències] |
| 260 ## - PUBLICACIÓN, DISTRIBUCIÓN, ETC. (PIE DE IMPRENTA) |
| Lugar de publicación, distribución, etc. |
Barcelona |
| Nombre del editor, distribuidor, etc. |
AGROPRES |
| Fecha de publicación, distribución, etc. |
[198?] |
| 300 ## - DESCRIPCIÓN FÍSICA |
| Dimensiones |
30 cm |
| 500 ## - NOTA GENERAL |
| Nota general |
Conté apart el programa de les Jornades |
| 500 ## - NOTA GENERAL |
| Nota general |
Exemplar fotocopiat |
| 710 ## - PUNTO DE ACCESO ADICIONAL - NOMBRE DE ENTIDAD |
| Nombre de entidad o nombre de jurisdicción como elemento inicial |
Asociación de Periodistas Agroalimentarios de España |
| Término indicativo de función |
org. |
| 9 (RLIN) |
1316 |
| 710 ## - PUNTO DE ACCESO ADICIONAL - NOMBRE DE ENTIDAD |
| Nombre de entidad o nombre de jurisdicción como elemento inicial |
Associació de periodistes i escriptors agraris de Catalunya |
| 9 (RLIN) |
1195 |
| 942 ## - ENTRADA DE ELEMENTOS AGREGADOS (KOHA) |
| Koha [por defecto] tipo de item |
Monografies |
| Fuente de clasificaión o esquema |
|